Culture générale - Géographie - Série 10 - Statistiques

Statistiques générales
  • Ce quiz a été pris 301 fois
  • Le résultat moyen est 4 sur 10
Statistiques - réponses
Question Réponse % Correct
Lac franco-suisse autour duquel on trouve les villes de Genève et Lausanne Lac Léman
89%
Pays d'Europe continentale dont la capitale se situe sur une île Danemark
71%
Ville abritant le point le plus à l'ouest de l'Afrique continentale Dakar
56%
Département français frontalier à la fois de la Belgique et du Luxembourg Meurthe-et-Moselle
43%
Parc naturel régional situé entre Montpellier et Marseille, célèbre pour son sel Camargue
40%
Désert aride situé au nord du Chili Atacama
30%
Nom donné au point de l'Océan Pacifique le plus éloigné de toute terre émergée Point Némo
30%
Fleuve polonais traversant les villes de Varsovie et Cracovie Vistule
22%
Canal britannique bordant le sud du Pays de Galles Canal de Bristol
4%
Plus grande île estonienne fermant le golfe de Riga Saaremaa
3%
Aucun quiz correspondant
Distribution des résultats
% des personnes avec chaque résultat
Percentile par nombre de réponses
Votre historique - résultats
Vous n’avez pas pris ce quiz